Negro thought in America, 1880-1915 : (Record no. 131472)
[ view plain ]
| 000 -LEADER | |
|---|---|
| fixed length control field | 01338pam a2200349 a 4500 |
| 001 - CONTROL NUMBER | |
| control field | 4802845 |
| 003 - CONTROL NUMBER IDENTIFIER | |
| control field | ARRUPE |
| 005 - DATE AND TIME OF LATEST TRANSACTION | |
| control field | 20220520074808.0 |
| 008 - FIXED-LENGTH DATA ELEMENTS--GENERAL INFORMATION | |
| fixed length control field | 881017s1988 miu b s001 0 eng |
| 010 ## - LIBRARY OF CONGRESS CONTROL NUMBER | |
| LC control number | 88030452 |
| 020 ## - INTERNATIONAL STANDARD BOOK NUMBER | |
| International Standard Book Number | 0472642308 |
| 020 ## - INTERNATIONAL STANDARD BOOK NUMBER | |
| International Standard Book Number | 0472061186 (pbk.) |
| 040 ## - CATALOGING SOURCE | |
| Original cataloging agency | DLC |
| Transcribing agency | DLC |
| Modifying agency | DLC |
| 043 ## - GEOGRAPHIC AREA CODE | |
| Geographic area code | n-us--- |
| 050 00 - LIBRARY OF CONGRESS CALL NUMBER | |
| Classification number | E185.6 |
| Item number | .M5 1988 |
| 082 00 - DEWEY DECIMAL CLASSIFICATION NUMBER | |
| Classification number | 973/.0496073 |
| Edition number | 19 |
| 300 ## - PHYSICAL DESCRIPTION | |
| Dimensions | 21 cm. |
| 100 1# - MAIN ENTRY--PERSONAL NAME | |
| Personal name | Meier, August, |
| Dates associated with a name | 1923- |
| 9 (RLIN) | 4199 |
| 245 10 - TITLE STATEMENT | |
| Title | Negro thought in America, 1880-1915 : |
| Remainder of title | racial ideologies in the age of Booker T. Washington : with a new introduction / |
| Statement of responsibility, etc | by August Meier. |
| 260 ## - PUBLICATION, DISTRIBUTION, ETC. (IMPRINT) | |
| Place of publication, distribution, etc | Ann Arbor : |
| Name of publisher, distributor, etc | University of Michigan Press, |
| Date of publication, distribution, etc | [1988] |
| 300 ## - PHYSICAL DESCRIPTION | |
| Extent | xii, 336 p. ; |
| 490 0# - SERIES STATEMENT | |
| Series statement | Ann Arbor paperbacks ; |
| Volume number/sequential designation | AA118 |
| 500 ## - GENERAL NOTE | |
| General note | Includes index. |
| 504 ## - BIBLIOGRAPHY, ETC. NOTE | |
| Bibliography, etc | Bibliography: p. 283-316. |
| 600 10 - SUBJECT ADDED ENTRY--PERSONAL NAME | |
| Personal name | Washington, Booker T., |
| Dates associated with a name | 1856-1915 |
| General subdivision | Influence. |
| 9 (RLIN) | 51699 |
| 650 #0 - SUBJECT ADDED ENTRY--TOPICAL TERM | |
| Topical term or geographic name as entry element | African Americans |
| General subdivision | Intellectual life |
| Chronological subdivision | 19th century. |
| 9 (RLIN) | 51700 |
| 650 #0 - SUBJECT ADDED ENTRY--TOPICAL TERM | |
| Topical term or geographic name as entry element | African Americans |
| General subdivision | Intellectual life |
| Chronological subdivision | 20th century. |
| 9 (RLIN) | 51701 |
| 650 #0 - SUBJECT ADDED ENTRY--TOPICAL TERM | |
| Topical term or geographic name as entry element | African Americans |
| General subdivision | History |
| Chronological subdivision | 1877-1964. |
| 9 (RLIN) | 51702 |
| 651 #0 - SUBJECT ADDED ENTRY--GEOGRAPHIC NAME | |
| Geographic name | United States |
| General subdivision | Intellectual life |
| Chronological subdivision | 1865-1918. |
| 9 (RLIN) | 51703 |
| 906 ## - LOCAL DATA ELEMENT F, LDF (RLIN) | |
| a | 7 |
| b | cbc |
| c | orignew |
| d | 1 |
| e | ocip |
| f | 19 |
| g | y-gencatlg |
| 942 ## - ADDED ENTRY ELEMENTS (KOHA) | |
| Source of classification or shelving scheme | Library of Congress Classification |
| Koha item type | Monograph ( Printed materials) |
| Withdrawn status | Lost status | Source of classification or shelving scheme | Damaged status | Not for loan | Collection code | Home library | Current library | Shelving location | Date acquired | Total Checkouts | Full call number | Barcode | Date last seen | Price effective from | Koha item type |
|---|---|---|---|---|---|---|---|---|---|---|---|---|---|---|---|
| Library of Congress Classification | Main Collection | ARRUPE LIBRARY | ARRUPE LIBRARY | Main Collection | 20/05/2022 | E185.6 .M5 1988 | 46600008629 | 20/05/2022 | 20/05/2022 | Monograph ( Printed materials) |